Διαχρονική Εξέλιξη Συμπεριφοράς Καταναλωτή και Ποιοτικές Έρευνες Marketing (Record no. 8150)
[ view plain ]
| 000 -LEADER | |
|---|---|
| fixed length control field | 02482cam a22002054a 4500 |
| 005 - ΗΜΕΡΟΜΗΝΙΑ ΚΑΙ ΩΡΑ ΤΕΛΕΥΤΑΙΑΣ ΕΝΗΜΕΡΩΣΗΣ | |
| Πεδίο ελέγχου | 20250605164328.0 |
| 008 - FIXED-LENGTH DATA ELEMENTS--GENERAL INFORMATION | |
| Πεδίο ελέγχου σταθερού μήκους | 250528s ||||||||||||||||||||||||d |
| 035 ## - SYSTEM CONTROL NUMBER | |
| System control number | 23120 |
| 020 ## - ISBN | |
| ISBN | 9603514292 |
| 040 ## - ΠΗΓΗ ΚΑΤΑΛΟΓΟΓΡΑΦΗΣΗΣ | |
| Φορέας πρωτότυπης καταλογογράφησης | MC Athens Campus Library |
| Γλώσσα καταλογογράφησης | Ελληνικά, Μοντέρνα (1453-) |
| Modifying agency | MC Athens Campus Library |
| Κανόνες περιγραφικής καταλογογράφησης | AACR2 |
| 245 1# - ΤΙΤΛΟΣ ΚΑΙ ΔΗΛΩΣΗ ΥΠΕΥΘΥΝΟΤΗΤΑΣ | |
| Τίτλος | Διαχρονική Εξέλιξη Συμπεριφοράς Καταναλωτή και Ποιοτικές Έρευνες Marketing |
| 260 ## - PUBLICATION, DISTRIBUTION, ETC. | |
| Name of publisher, distributor, etc. | Σταμούλης Α, |
| Date of publication, distribution, etc. | 2002 |
| 300 ## - PHYSICAL DESCRIPTION | |
| Extent | 232 |
| 520 ## - SUMMARY, ETC. | |
| Summary, etc. | Βιβλίο Σύμβουλος Ακαδημαϊκών και Φοιτητών των Τμημάτων Management και Marketing των Πανεπιστημίων και Τ.Ε.Ι., καθώς και Επιχειρηματιών και Στελέχων Επιχειρήσεων Τροφίμων. Περιεχόμενα, Ευρετήριο Πινάκων και Σχημάτων, Πρόλογος, Εισαγωγή, Οι Πρόσφατες Κοινωνικές Αλλαγές και το Ελληνικό Διατροφικό Πρότυπο, Ευρωπαϊκό και Ελληνικό Διατροφικό Πρότυπο Συμπέρασμα, Συμπεριφορά Καταναλωτή, Η Συμπεριφορά των Καταναλωτών σε Σχέση με τα Αγροτικά Προϊόντα και Τρόφιμα, Τυπολογία Καταναλωτών και Διαδικασίας Λήψης Αποφάσεων, Ποιοτικές Έρευνες Marketing με Έμφαση στη Μέθοδο των ''Αλυσίδων Μέσων Στόχου'' και την ''Κλιμακωτή'' Τεχνική Συνεντεύξεων, Ποιοτική Έρευνα, Θεωρία των ''Αλυσίδων Μέσων Στοχου'', Εφαρμογή της Ανάλυσης ''Αλυσίδων Μέσων Στόχου'' στα Κρασιά που Παράγονται από Βιολογικά Σταφύλια, Ο Ελληνικός και ο Ευρωπαϊκός Κλάδος του Κρασιού, Σκοποί και Στόχοι της Έρευνας, Μεθοδολογία, Εμπειρικά Αποτελέσματα και Ανάλυση, Συζήτηση, Συμπεράσματα και Στρατηγικές, Περιορισμοί και Ερευνητικές Προεκτάσεις, Βιβλιογραφία. |
| 700 1# - ΠΡΟΣΘΕΤΗ ΑΝΑΓΡΑΦΗ--ΦΥΣΙΚΟ ΠΡΟΣΩΠΟ | |
| Personal name | Κρυστάλλης Αθανάσιος |
| 9 (RLIN) | 8683 |
| 700 1# - ΠΡΟΣΘΕΤΗ ΑΝΑΓΡΑΦΗ--ΦΥΣΙΚΟ ΠΡΟΣΩΠΟ | |
| Personal name | Φωτόπουλος Χρήστος |
| 9 (RLIN) | 8684 |
| 942 ## - ADDED ENTRY ELEMENTS (KOHA) | |
| Koha item type | Books |
| Τύπος τεκμηρίου | Βιβλιοθήκη | Τρέχουσα τοποθεσία | Barcode | Αριθμός εισαγωγής | Ημερομηνία απόκτησης | Ταξιθετικό σύμβολο | Αριθμός αντιτύπου | Κατάσταση απόσυρσης | Κατάσταση χαμένου | Κατάσταση κατεστραμμένου | Μη δανεισμός | Σύνολο δανεισμών | Ημερομηνία τελευταίας εμφάνισης | Η τιμή ισχύει από |
|---|---|---|---|---|---|---|---|---|---|---|---|---|---|---|
| Books | MC Athens Campus Library | MC Athens Campus Library | 9780000081490 | 7653 | 05/06/2025 | 658.83 FOT | 1 | 05/06/2025 | 05/06/2025 |